[Event "GER-chT U14 Girls"]
[Site "Willingen"]
[Date "2021.06.27"]
[Round "7.7"]
[White "Hesse, Sariana"]
[Black "Gruber, Florentine"]
[Result "0-1"]
[WhiteElo "1048"]
[BlackElo "988"]
[PlyCount "56"]
[EventDate "2021.06.23"]
[EventType "team-swiss"]
[EventRounds "7"]
[EventCountry "GER"]
[SourceTitle "EXT 2022"]
[Source "ChessBase"]
[SourceDate "2021.10.06"]
[SourceVersion "1"]
[SourceVersionDate "2021.10.06"]
[SourceQuality "1"]
[WhiteTeam "Halle Roter Turm"]
[BlackTeam "Paderborn"]
[WhiteTeamCountry "GER"]
[BlackTeamCountry "GER"]

1. d4 Nf6 2. Nf3 d5 3. g3 g6 4. Bg2 Bg7 5. b3 0-0 6. Bb2 c5 7. 0-0 Ne4 8. Nbd2 Nxd2 9. Qxd2 Nc6 10. Rad1 Bf5 11. c3 e6 12. Qe3 Qa5 13. Ra1 b6 14. Ne5 Nxe5 15. dxe5 Rad8 16. Rfd1 Qb5 17. c4 dxc4 18. Rxd8 Rxd8 19. Rc1 cxb3 20. axb3 Rc8 21. Bb7 Rc7 22. Qd2 Rxb7 23. Qd8+ Bf8 24. Rd1 Qxe2 25. Rd7 Rxd7 26. Qxd7 Qxb2 27. Qd1 Qxe5 28. Qf1 Qc3 0-1